000
003220000a22001450004500
003
MACL
040
_a
MACL
090
_c
44862
_d
44860
100
_a
Dogra, Ramesh Chander
245
_a
The Sikh World
260
_b
UBS Publishers Distributors Ltd
_c
2003
350
_a
595
650
_a
Religion
942
_c
BOOK
_k
294.6/DOG
999
_c
44405
_d
44405